Países con una población menor a 1 millón por pistas - Estadísticas

Estadísticas generales
  • Esta prueba ha sido intentada 54 veces
  • La puntuación promedio es 12 de 38
Estadísticas de respuestas
Población Pista País % Correcto
1,000 Hogar de la Basílica de San Pedro Ciudad del Vaticano
100%
34,000 Asegura ser la república más antigua del mundo, fundada en el año 301 d.C. San Marino
57%
12,000 El 61% de los adultos son obesos, la tasa más alta del mundo Nauru
55%
47,000 El país más pequeño del Caribe San Cristóbal y Nieves
55%
40,000 Uno de los dos únicos países doblemente sin litoral Liechtenstein
51%
38,846 Conocido como el "Patio de Recreo de los Multimillonarios" Mónaco
51%
94,000 Sus dos islas principales tienen nombres semejantes a "vieja" y "peluda" Antigua y Barbuda
47%
401,154 El país más cercano a Florida Bahamas
47%
113,000 Está compuesto por 607 islas con una superficie terrestre total de solo 702 kilómetros cuadrados Estados Federados de Micronesia
47%
100,846 Su capital es Kingstown San Vicente y las Granadinas
47%
82,000 Dirigido por dos copríncipes, uno de los cuales es el Presidente de Francia Andorra
43%
463,308 Uno de los dos países gobernados por un sultán Brunéi
40%
37,846 País al que pertenece el atolón Bikini Islas Marshall
38%
236,308 Consiste en dos islas en el Golfo de Guinea Santo Tomé y Príncipe
38%
130,308 El país más rico de África Seychelles
38%
634,462 El país independiente más pequeño de América del Sur Surinam
32%
117,000 Conocida como la "Isla de las Especias del Caribe" Granada
30%
10,000 Antiguamente conocidas como las Islas Ellice Tuvalu
30%
673,617 Sede del tribunal más alto de la Unión Europea Luxemburgo
28%
831,462 El único país de habla inglesa en América del Sur Guyana
26%
393,462 Conocida como la "Tierra del Fuego y del Hielo" Islandia
26%
929,308 Uno de los cuatro países que empiezan por F Fiyi
23%
525,154 Deshabitada hasta que fue colonizada por los portugueses en el siglo XV Cabo Verde
21%
218,154 Conocida como la "Cuna de la Polinesia" Samoa
21%
792,308 Hogar de la montaña más alta del mundo que no ha sido escalada Bután
19%
18,000 Hogar del Lago de las Medusas, donde las medusas han evolucionado para perder sus aguijones Palaos
19%
868,233 Muchos de sus ciudadanos huyen a la cercana isla francesa de Mayotte Comoras
17%
66,000 Hogar de la segunda fuente termal más grande del mundo, llamada Lago Hirviente Dominica
17%
528,154 Tiene una elevación promedio de solo 1,5 metros, la más baja de cualquier país Maldivas
17%
135,154 Su isla más grande se llama Isla de Navidad Kiribati
15%
417,462 El "Blue Hole" es un popular lugar de buceo en la costa de este país Belice
13%
820,542 Donde tuvo lugar la Batalla de Guadalcanal en 1942 y 1943 Islas Salomón
13%
540,462 Los nazis intentaron, pero fracasaron en su intento de tomar estas islas a los británicos durante la Segunda Guerra Mundial Malta
13%
104,000 Tiene el apodo de "Las Islas Amigables," como lo llamó el Capitán James Cook Tonga
13%
328,462 Se hablan 117 idiomas diferentes en este archipiélago melanesio Vanuatu
11%
638,000 Su nombre es lo opuesto a "playa blanca" Montenegro
9%
180,000 La única isla en el mundo que tiene un volcán accesible en coche Santa Lucía
6%
282,154 Conocida como la "Tierra de los Peces Voladores" Barbados
4%
No se encontraron pruebas coincidentes
Distribución de puntuación
Porcentaje de gente con cada puntuación
Porcentaje por número respondido
Historial de tus puntuaciones
No has intentado esta prueba.